Logo CIB grande

FINANCIAL INSTITUTIONS AND MARKETS: STUDENT RESOURCE MANUAL (Registro nro. 230865)

Detalles MARC
000 -LEADER
campo de control de longitud fija 00587nam a2200229Ia 4500
005 - FECHA Y HORA DE LA ÚLTIMA TRANSACCIÓN
campo de control 20250425162522.0
008 - DATOS DE LONGITUD FIJA--INFORMACIÓN GENERAL
campo de control de longitud fija 250425s9999 xx 000 0 und d
041 ## - CÓDIGO DE IDIOMA
Código de lengua del texto/banda sonora o título independiente eng
082 ## - NÚMERO DE LA CLASIFICACIÓN DECIMAL DEWEY
Número de clasificación 332
010 ## - NÚMERO DE CONTROL DE LA BIBLIOTECA DEL CONGRESO
Número de control de LC 81326
100 ## - ENTRADA PRINCIPAL--NOMBRE DE PERSONA
Nombre de persona KOLT, ROBERT W
245 #0 - MENCIÓN DEL TÍTULO
Título FINANCIAL INSTITUTIONS AND MARKETS: STUDENT RESOURCE MANUAL
250 ## - MENCION DE EDICION
Mención de edición S.E.
260 ## - PUBLICACIÓN, DISTRIBUCIÓN, ETC.
Lugar de publicación, distribución, etc. Estados Unidos
Nombre del editor, distribuidor, etc. KOLB PUBLISHING COMPANY
Fecha de publicación, distribución, etc. 1993
260 ## - PUBLICACIÓN, DISTRIBUCIÓN, ETC.
Lugar de publicación, distribución, etc. MIAMI
300 ## - DESCRIPCIÓN FÍSICA
Extensión 393
650 ## - PUNTO DE ACCESO ADICIONAL DE MATERIA--TÉRMINO DE MATERIA
Término de materia o nombre geográfico como elemento de entrada FINANZAS
650 ## - PUNTO DE ACCESO ADICIONAL DE MATERIA--TÉRMINO DE MATERIA
Término de materia o nombre geográfico como elemento de entrada INSTITUCIONES FINANCIERAS
700 ## - ENTRADA AGREGADA--NOMBRE PERSONAL
Nombre de persona MACINNES, HUGH
700 ## - ENTRADA AGREGADA--NOMBRE PERSONAL
Nombre de persona RODRIGUEZ, RICARDO J
942 ## - ELEMENTOS DE ENTRADA SECUNDARIOS (KOHA)
Tipo de ítem Koha Libros
Existencias
Estatus retirado Estado de pérdida Estado de daño No para préstamo Biblioteca de origen Biblioteca actual Ubicación en estantería Fecha de adquisición Coste, precio normal de compra Etiqueta RFID Total de préstamos Código de barras Copia número Tipo de ítem Koha
        CENTRO DE INFORMACIÓN BIBLIOTECARIA CENTRO DE INFORMACIÓN BIBLIOTECARIA   20/04/2012 5.00 0000000000000000002661   D-93153 1 Libros

Copyright 2025 ESPOL. Todos los derechos reservados.